000
00191 a2200097 4500
020
_a
9789500715553
041
_a
spa
100
_a
Poniatowska, Elena
245
_a
De noche vienes
942
_c
BK
999
_c
29962
_d
29960